Văn học phi lí

Tư tưởng về cái phi lí qua các thời đại. Những bước tiến hoá của văn học phi lí. Những đóng góp của văn học phi lí cho lịch sử văn học hiện nhân loại

Sparad:
Bibliografiska uppgifter
Huvudupphovsman: Nguyễn Văn Dân
Övriga upphovsmän: Phùng Văn Tửu (Tác giả), Nguyễn Văn Thảo, Vũ Đình Phòng
Materialtyp: Bok
Språk:Vietnamese
Publicerad: H. Văn hoá Thông tin Trung tâm Văn hoá ngôn ngữ Đông Tây 2002
Ämnen:
Taggar: Lägg till en tagg
Inga taggar, Lägg till första taggen!
Thư viện lưu trữ: Mạng thư viện Đại học Đà Nẵng
LEADER 01508nam a2200385 4500
001 000004242
003 373
005 20121211001208.0
008 110718s2002 viesd
020 |c 65000 
041 0 |a vie 
082 |a 840  |b NG-D 
100 0 |a Nguyễn Văn Dân 
245 0 |a Văn học phi lí  |c Nguyễn Văn Dân khảo luận ; Dịch phần tài liệu: Nguyễn Văn Dân.. 
260 |a H.  |b Văn hoá Thông tin  |b Trung tâm Văn hoá ngôn ngữ Đông Tây  |c 2002 
300 |a 620 tr  |c 21 cm 
520 |a Tư tưởng về cái phi lí qua các thời đại. Những bước tiến hoá của văn học phi lí. Những đóng góp của văn học phi lí cho lịch sử văn học hiện nhân loại 
653 |a Văn học Pháp 
653 |a Lịch sử và phê bình 
653 |a Văn học phi lí 
653 |a Khảo luận  |a Tư liệu 
700 |a Phùng Văn Tửu  |e Tác giả 
700 |a Nguyễn Văn Thảo 
700 |a Vũ Đình Phòng 
910 |a Nguyễn Thị Kim Oanh  |d 18/ 07/ 2011 
OWN |a LSP 
AVA |a UDN50  |b LSP  |d 840 NG-D  |e available  |t Error 5001 Not defined in file expand_doc_bib_avail.  |f 10  |g 0  |h N  |i 1  |k 1 
999 |a From the UDN01 
AVA |a UDN50  |b LSP  |d 840 NG-D  |e available  |t Error 5001 Not defined in file expand_doc_bib_avail.  |f 10  |g 0  |h N  |i 1  |k 1 
TYP |a Monograph 
TYP |a Printed language 
980 |a Mạng thư viện Đại học Đà Nẵng